| LDR | | 00000nam c2200205 c 4500 |
| 001 | | 000000335710 |
| 005 | | 20250120144742 |
| 007 | | ta |
| 008 | | 241228s2024 ulka r 000a kor |
| 020 | |
▼a 9791188414819
▼g 04320 :
▼c \16800 |
| 020 | |
▼a 9791188414802(세트) |
| 040 | |
▼a 248032
▼c 248032
▼d 248032 |
| 041 | 1 |
▼a kor
▼h eng |
| 049 | 0 |
▼l EM110076 |
| 056 | |
▼a 199.1
▼2 4 |
| 090 | |
▼a 199.1
▼b 앨294ㅂ |
| 245 | 00 |
▼a 바라는 대로 이루어지는 삶의 법칙 :
▼b 수천만 명의 삶을 바꾼 제임스 앨런의 인생 조언 /
▼d 제임스 앨런 지음;
▼e 지선 편저 |
| 246 | 11 |
▼a As a man thinketh |
| 250 | |
▼a 초판 |
| 260 | |
▼a 서울 :
▼b 이너북,
▼c 2024 |
| 300 | |
▼a 243 p. :
▼b 삽화 ;
▼c 27 cm |
| 490 | 00 |
▼a 세상의 모든 지혜 ;
▼v 01 |
| 500 | |
▼a 원저자명 : James Allen |
| 546 | |
▼a 영어 원작을 한국어로 번역 |
| 653 | |
▼a 자기계발
▼a 성공
▼a 성공학
▼a 습관 |
| 700 | 1 |
▼a 앨런, 제임스,
▼e 저 |
| 700 | 0 |
▼a 지선,
▼e 편저 |
| 830 | |
▼a 세상의 모든 지혜 ;
▼v 01 |
| 900 | 11 |
▼a Allen, James |
| 950 | 0 |
▼b \16800 |
| 990 | |
▼a 관리자2
▼b 관리자2 |